[Event "25. Open Pula 2011"]
[Site "Pula CRO"]
[Date "2011.06.25"]
[Round "9.21"]
[White "Somborski, Nebojsa"]
[Black "Vybiral, Zdenek"]
[Result "1-0"]
[WhiteElo "2376"]
[BlackElo "2203"]
[PlyCount "65"]
[EventDate "2011.06.18"]
[EventType "swiss"]
[EventRounds "9"]
[EventCountry "CRO"]
[Source "lmi"]
[SourceDate "2011.06.18"]

1. e4 e6 2. d4 d5 3. Nd2 Nf6 4. e5 Nfd7 5. Bd3 c5 6. c3 Nc6 7. Ne2 cxd4 8. cxd4
f6 9. exf6 Nxf6 10. Nf3 Bd6 11. Bf4 Qa5+ 12. Bd2 Qc7 13. Rc1 a6 14. Ng3 O-O 15.
O-O Bd7 16. Re1 Qb6 17. Bc3 Rae8 18. a3 Kh8 19. Ne5 Bc8 20. Kh1 Nxd4 21. Bxh7
Nc6 22. Bg6 Re7 23. f4 Kg8 24. Bb1 Ree8 25. b4 Rd8 26. Nxc6 bxc6 27. Bd4 Qb7
28. Be5 Be7 29. Nh5 Qd7 30. Re3 Qe8 31. Nxg7 Kxg7 32. Qg4+ Kh6 33. Qg5# 1-0

[Event "25. Open Pula 2011"]
[Site "Pula CRO"]
[Date "2011.06.25"]
[Round "9.22"]
[White "Szamoskozi, Gabor"]
[Black "Rabus, Berthold"]
[Result "1-0"]
[WhiteElo "2355"]
[BlackElo "2198"]
[PlyCount "29"]
[EventDate "2011.06.18"]
[EventType "swiss"]
[EventRounds "9"]
[EventCountry "CRO"]
[Source "lmi"]
[SourceDate "2011.06.18"]

1. e4 c5 2. Nf3 d6 3. d4 cxd4 4. Nxd4 Nf6 5. Nc3 a6 6. Be2 e6 7. O-O Be7 8. f4
Qc7 9. Be3 b5 10. Bf3 e5 11. Nf5 O-O 12. g4 Bb7 13. g5 Ne8 14. Nd5 Bxd5 15.
Qxd5 1-0

[Event "25. Open Pula 2011"]
[Site "Pula CRO"]
[Date "2011.06.25"]
[Round "9.23"]
[White "Aguera Naredo, Javier"]
[Black "Raguz, Dario"]
[Result "1-0"]
[WhiteElo "2353"]
[BlackElo "2196"]
[PlyCount "51"]
[EventDate "2011.06.18"]
[EventType "swiss"]
[EventRounds "9"]
[EventCountry "CRO"]
[Source "lmi"]
[SourceDate "2011.06.18"]

1. e4 c6 2. d4 d5 3. Nd2 dxe4 4. Nxe4 Nd7 5. Bc4 Ngf6 6. Ng5 e6 7. Qe2 Nb6 8.
Bd3 h6 9. N5f3 Bd6 10. Ne5 Qc7 11. Ngf3 c5 12. dxc5 Bxc5 13. Bd2 Nbd7 14. O-O-O
a6 15. Rhe1 Nxe5 16. Nxe5 Bd7 17. f4 Bd6 18. Kb1 Bc6 19. c4 O-O-O 20. Bc3 Kb8
21. Bc2 Ka8 22. g4 h5 23. g5 Ng4 24. Nxc6 Qxc6 25. h3 Bxf4 26. hxg4 1-0

[Event "25. Open Pula 2011"]
[Site "Pula CRO"]
[Date "2011.06.25"]
[Round "9.25"]
[White "Sandhu, Mario"]
[Black "Mestek, Igor"]
[Result "0-1"]
[WhiteElo "2312"]
[BlackElo "2160"]
[PlyCount "84"]
[EventDate "2011.06.18"]
[EventType "swiss"]
[EventRounds "9"]
[EventCountry "CRO"]
[Source "lmi"]
[SourceDate "2011.06.18"]

1. Nf3 d5 2. b3 Nf6 3. Bb2 Bg4 4. e3 g6 5. Be2 Bg7 6. O-O O-O 7. h3 Bxf3 8.
Bxf3 Re8 9. g3 c5 10. Bg2 Nc6 11. d3 Rc8 12. Nd2 e5 13. Qe2 Qc7 14. a3 Rcd8 15.
Kh2 h5 16. Rae1 h4 17. c4 Ne7 18. cxd5 Nexd5 19. Ne4 b6 20. g4 Qd7 21. Rd1 Qb5
22. Qc2 Nxe4 23. Bxe4 Nc7 24. Rd2 Ne6 25. Rfd1 Rd6 26. Bc3 Red8 27. Bg2 a5 28.
Bf1 Qd7 29. Qb1 e4 30. Bxg7 Nxg7 31. d4 Qe7 32. Qb2 cxd4 33. Rxd4 Qe5+ 34. Kg1
Ne6 35. Rxd6 Qxb2 36. Rxd8+ Nxd8 37. Rxd8+ Kg7 38. Bc4 Qxa3 39. Rd7 Qa1+ 40.
Kg2 Qf6 41. Bd5 Qf3+ 42. Kg1 b5 0-1

[Event "25. Open Pula 2011"]
[Site "Pula CRO"]
[Date "2011.06.25"]
[Round "9.27"]
[White "Andersen, Lars Even"]
[Black "Frank, Dieter"]
[Result "1-0"]
[WhiteElo "2288"]
[BlackElo "2145"]
[PlyCount "95"]
[EventDate "2011.06.18"]
[EventType "swiss"]
[EventRounds "9"]
[EventCountry "CRO"]
[Source "lmi"]
[SourceDate "2011.06.18"]

1. Nf3 Nf6 2. c4 e6 3. Nc3 b6 4. g3 Bb7 5. Bg2 Be7 6. d4 Ne4 7. Qc2 Nxc3 8.
Qxc3 O-O 9. O-O Bf6 10. Qc2 Qc8 11. e4 d6 12. Be3 Nd7 13. Nd2 e5 14. d5 a5 15.
Rae1 Nc5 16. f4 exf4 17. gxf4 Re8 18. Bf2 Qg4 19. Bg3 Bh4 20. Bf3 Qh3 21. Bg2
Qg4 22. Re3 Bc8 23. h3 Qh5 24. Bh2 Bf6 25. Kh1 Bd7 26. Nb3 Nxb3 27. Qxb3 Rad8
28. Rfe1 Bh4 29. R1e2 Re7 30. e5 Rde8 31. e6 fxe6 32. dxe6 Bxe6 33. Bc6 Bc8 34.
Bxe8 Bb7+ 35. Kg1 Qxe2 36. Rxe2 Rxe2 37. c5+ Kh8 38. c6 Ba6 39. Qf7 h6 40. Qf8+
Kh7 41. Qf5+ Kh8 42. Qf8+ Kh7 43. f5 Re1+ 44. Kg2 Bf1+ 45. Kf3 Be2+ 46. Kf4
Rf1+ 47. Ke3 Bg5+ 48. Kxe2 1-0

[Event "25. Open Pula 2011"]
[Site "Pula CRO"]
[Date "2011.06.25"]
[Round "9.28"]
[White "Srbis, Jurica"]
[Black "Gulbrandsen, Tor"]
[Result "1/2-1/2"]
[WhiteElo "2278"]
[BlackElo "2097"]
[PlyCount "77"]
[EventDate "2011.06.18"]
[EventType "swiss"]
[EventRounds "9"]
[EventCountry "CRO"]
[Source "lmi"]
[SourceDate "2011.06.18"]

1. e4 e5 2. Nf3 Nf6 3. Nxe5 d6 4. Nf3 Nxe4 5. Nc3 Nxc3 6. dxc3 Be7 7. Bf4 Nc6
8. Qd2 Be6 9. O-O-O Qd7 10. Qe3 O-O 11. Kb1 Rfe8 12. h3 Bf6 13. Qd2 Rad8 14.
Bg5 Qe7 15. Bb5 a6 16. Bxc6 bxc6 17. h4 Rb8 18. b3 c5 19. Qf4 a5 20. c4 a4 21.
Nd2 axb3 22. axb3 h6 23. Ne4 Be5 24. Qxe5 hxg5 25. Qc3 gxh4 26. Rde1 Bf5 27. f3
Qe5 28. Qxe5 Rxe5 29. Rxh4 Rbe8 30. Reh1 f6 31. Nc3 Re1+ 32. Kb2 Kf7 33. g4
Rxh1 34. Rxh1 Bd7 35. Nd5 c6 36. Nc3 Re3 37. Rf1 Ke7 38. Kc1 Bxg4 39. fxg4
1/2-1/2

[Event "25. Open Pula 2011"]
[Site "Pula CRO"]
[Date "2011.06.25"]
[Round "9.29"]
[White "Pichler, Michael"]
[Black "Kukina, Mario"]
[Result "1-0"]
[WhiteElo "2276"]
[BlackElo "2035"]
[PlyCount "83"]
[EventDate "2011.06.18"]
[EventType "swiss"]
[EventRounds "9"]
[EventCountry "CRO"]
[Source "lmi"]
[SourceDate "2011.06.18"]

1. e4 c5 2. c3 d5 3. exd5 Qxd5 4. d4 e6 5. Nf3 Nf6 6. Na3 a6 7. Nc4 Qd8 8. Be3
Nd5 9. Bg5 Be7 10. Bxe7 Qxe7 11. dxc5 Qxc5 12. Qd4 Qxd4 13. Nxd4 O-O 14. Be2
Re8 15. O-O-O Rd8 16. Bf3 Nd7 17. Bxd5 exd5 18. Na5 Nc5 19. Rhe1 Ne6 20. Re5 b6
21. Nac6 Rf8 22. Ne7+ Kh8 23. Nxd5 b5 24. Nb6 Rb8 25. Nxc8 Nxd4 26. Rxd4 Rbxc8
27. Kc2 g6 28. a3 Rfd8 29. Rxd8+ Rxd8 30. b3 Kg7 31. Re4 h5 32. a4 Rd5 33. axb5
axb5 34. c4 Rf5 35. Re2 b4 36. Kd3 Ra5 37. Kd4 Ra1 38. Kc5 Rh1 39. h3 g5 40.
Kxb4 Rh2 41. f3 f5 42. c5 1-0